|
|
|
|
| LEADER |
00000nab a2200000uu 4500 |
| 001 |
vtls011503532 |
| 003 |
SK-MaSNL |
| 005 |
20260303155717.0 |
| 008 |
230222|1955 xo |||||||||||||||||cze| |
| 015 |
|
|
|a SNBRB
|
| 035 |
|
|
|a (urnnbn)urn:nbn:sk:snk:ar-a0aj1n
|
| 035 |
|
|
|a (uuid)1f6c5659-c0b4-4bad-880c-a6de1217fb01
|
| 035 |
|
|
|a urn:nbn:sk:snk-abdxe3
|
| 040 |
|
|
|a SNKBUCL
|b slo
|c SNKBUCL
|e AACR2
|
| 041 |
0 |
|
|a cze
|
| 044 |
|
|
|a xo
|c SK
|
| 100 |
1 |
|
|a Dobrovodský, V.
|4 aut
|9 1152545
|
| 245 |
1 |
0 |
|a Obloukové svařování v argonu
|c V. Dobrovodský, R. R. Sillifant, W. A. Wollcott
|
| 700 |
1 |
|
|a R. R. SILLIFANT
|4 aut
|9 1179609
|
| 700 |
1 |
|
|a W. A. WOLLCOTT
|4 aut
|9 1179610
|
| 773 |
0 |
|
|t Zváranie : odborný časopis československých zváračov
|g Roč. 4, č. 1 (1955), s. 13-21
|
| 954 |
|
|
|a odborná, vedecká literatúra pôvodná (slovenská)
|2 lita
|
| 954 |
|
|
|a odborná, vedecká literatúra cudzojazyčná (svetová)
|2 lita
|
| 958 |
|
|
|a OND
|
| 958 |
|
|
|a EUIPO
|
| 958 |
|
|
|a article20
|
| 999 |
|
|
|c 2042016
|d 2043946
|